Učitavanje...

Green house management: Forcing of flowers, vegetables and fruits

Bibliografski detalji
Glavni autor: LR Taft
Format: Printed Book
Jezik:Undetermined
Izdano: Delhi Biotech books 1997
Teme:
LEADER 00792nam a2200265Ia 4500
008 141004s9999 xx 000 0 und d
020 |a 81 7622 001 9 
040 |c a 
041 |a English 
082 |a 635.048 
082 |b TAF/GR 
100 |a LR Taft 
245 |a Green house management: Forcing of flowers, vegetables and fruits 
245 |c LR Taft 
260 |a Delhi 
260 |b Biotech books 
260 |c 1997 
300 |a 382 p.  
300 |b 21.5 cm 
365 |a Rs.800  
501 |a COF  
650 |a Horticulture 
942 |c BK 
999 |c 172458  |d 172458 
952 |0 0  |1 0  |4 0  |6 635_048000000000000_TAF_GR  |7 0  |9 177631  |a KAUCOF  |b KAUCOF  |g 800.00  |o 635.048 TAF/GR  |p KAU_COF-2705  |r 2014-10-04  |w 2014-10-04  |y BK